| 000 | 01191nji a22002897a 4500 | ||
|---|---|---|---|
| 005 | 20100921124645.0 | ||
| 006 | a|||||r|||||00| 0 | ||
| 007 | sd ammalaaahaa | ||
| 008 | 100830t xxu||||| |||| 00| 0 eng d | ||
| 028 |
_a2394 820 _bMusic India |
||
| 035 | _aGR-07100 | ||
| 040 |
_aSED _cSED |
||
| 100 |
_917455 _aKhosla, Ashok |
||
| 245 |
_aMaikhana (Ghazals) / _cby Ashok Khosla; music by Kuldeep Singh; lyric by Zafar Gorakhpuri _h[sound recording] : |
||
| 246 | _aमैखाना (ग़ज़ल्स) / अशोक खोसला द्वारा | ||
| 260 |
_aDum Dum, India _bMusic India _c1985 |
||
| 300 |
_a1 sound disc [Gramophone Recording]: _banalog, 33 1/3 rpm _c12.5 in. (LP) _fGramophone Record |
||
| 500 | _aBrief Record | ||
| 500 | _aRecord labels : Music India, White | ||
| 505 | _aSide-1 Band thi masjid ki sab raahen (Ashok Khosla) -- Side-2 Maikashon maikashi ke liye (Ashok Khosla) | ||
| 600 |
_aKhosla, Ashok _920938 |
||
| 650 |
_aGhazals _zIndia _91186 _xExcerpts |
||
| 700 |
_aKuldeep Singh _920943 |
||
| 700 |
_aGorakhpur, Zafar _920944 |
||
| 942 |
_2ddc _cGR |
||
| 999 |
_c47250 _d47250 |
||